[Event "Belgrade Gligoric 100 Ann op"]
[Site "Belgrade"]
[Date "2023.02.05"]
[Round "9"]
[White "Indjic, Dusan"]
[Black "Vucinic, Gojko"]
[Result "0-1"]
[WhiteElo "2304"]
[BlackElo "2367"]
[PlyCount "31"]
[EventDate "2023.02.05"]
[EventType "swiss (blitz)"]
[EventRounds "11"]
[EventCountry "SRB"]
[SourceTitle "EXT 2024"]
[Source "ChessBase"]
[SourceDate "2023.10.10"]
[SourceVersion "1"]
[SourceVersionDate "2023.10.10"]
[SourceQuality "1"]

1. d4 Nf6 2. Nf3 g6 3. c4 Bg7 4. Nc3 d5 5. cxd5 Nxd5 6. Bd2 Nb6 7. e4 Bg4 8. Be3 Nc6 9. Bb5 0-0 10. Bxc6 bxc6 11. Qd3 c5 12. d5 c6 13. Nd2 cxd5 14. exd5 Bf5 15. Qe2 Nxd5 16. Qd1 0-1

[Event "EU-Cup 37th"]
[Site "Mayrhofen"]
[Date "2022.10.05"]
[Round "3.3"]
[White "Polak, Tomas"]
[Black "Vucinic, Gojko"]
[Result "1-0"]
[WhiteElo "2502"]
[BlackElo "2380"]
[PlyCount "89"]
[EventDate "2022.10.03"]
[EventType "team-swiss"]
[EventRounds "7"]
[EventCountry "AUT"]
[SourceTitle "CBM 210 Extra"]
[Source "ChessBase"]
[SourceDate "2022.11.30"]
[SourceVersion "1"]
[SourceVersionDate "2022.11.30"]
[SourceQuality "1"]
[WhiteTeam "Brno Moravska Slavia"]
[BlackTeam "Wachtebeke"]
[WhiteTeamCountry "CZE"]
[BlackTeamCountry "BEL"]

1. Nf3 Nf6 2. c4 g6 3. Nc3 d5 4. cxd5 Nxd5 5. e4 Nxc3 6. dxc3 Qxd1+ 7. Kxd1 f6 8. Be3 e5 9. Nd2 h5 10. f3 Nd7 11. Nb3 Nb6 12. Kc2 Bd7 13. Nc5 Bc6 14. b3 Nd7 15. Nd3 a5 16. g3 f5 17. Bg2 fxe4 18. fxe4 Bh6 19. Bxh6 Rxh6 20. h4 Ke7 21. Rhf1 Rg8 22. Rae1 g5 23. Bh3 g4 24. Bg2 Ke6 25. Rf5 Rf8 26. Nxe5 Rxf5 27. exf5+ Kxf5 28. Nxc6 bxc6 29. Be4+ Ke5 30. Bxc6+ Kd6 31. Bxd7 Kxd7 32. Re5 Rf6 33. Rxa5 Rf2+ 34. Kd3 Rf3+ 35. Kd4 Rxg3 36. Rxh5 Rh3 37. c4 Ke6 38. Kc5 Re3 39. Rg5 Re5+ 40. Kd4 Rxg5 41. hxg5 Kf5 42. Ke3 Kxg5 43. a4 Kh4 44. Kf2 Kh3 45. Kg1 1-0

[Event "SRB-chT Premier"]
[Site "Vrnjacka Banja"]
[Date "2022.09.29"]
[Round "10.5"]
[White "Markus, Robert"]
[Black "Vucinic, Gojko"]
[Result "1-0"]
[WhiteElo "2615"]
[BlackElo "2380"]
[PlyCount "81"]
[EventDate "2022.09.20"]
[EventType "team-tourn"]
[EventRounds "11"]
[EventCountry "SRB"]
[SourceTitle "CBM 210 Extra"]
[Source "ChessBase"]
[SourceDate "2022.11.30"]
[SourceVersion "1"]
[SourceVersionDate "2022.11.30"]
[SourceQuality "1"]
[WhiteTeam "Novi Sad SK"]
[BlackTeam "Kac Jugovic"]
[WhiteTeamCountry "SRB"]
[BlackTeamCountry "SRB"]

1. d4 Nf6 2. c4 g6 3. Nc3 d5 4. e3 Bg7 5. Qb3 e6 6. Qa3 a5 7. Nf3 Nc6 8. Bd2 Nb4 9. Qb3 0-0 10. a3 dxc4 11. Bxc4 Nbd5 12. 0-0 b6 13. Rac1 Bb7 14. Nxd5 exd5 15. Bb5 Qd6 16. Qc2 c6 17. Bxc6 Rac8 18. Bxb7 Rxc2 19. Rxc2 Rb8 20. Bc8 Ne4 21. Rfc1 Nxd2 22. Nxd2 b5 23. Bh3 Bf8 24. g3 a4 25. Nf3 b4 26. axb4 Rxb4 27. Ne5 Rb3 28. Bf1 Qb6 29. Rc8 Qb4 30. R1c7 Rxb2 31. Nd3 Qd2 32. Nxb2 Qxb2 33. Bg2 Qb3 34. Bf3 a3 35. Ra8 Kg7 36. Kg2 Bb4 37. Rd7 Be1 38. Bxd5 Qb5 39. Rxf7+ Kh6 40. e4 Qb2 41. Raa7 1-0

[Event "SRB-chT Premier"]
[Site "Vrnjacka Banja"]
[Date "2022.09.28"]
[Round "9.3"]
[White "Vucinic, Gojko"]
[Black "Pezelj, Novak"]
[Result "1/2-1/2"]
[WhiteElo "2380"]
[BlackElo "2496"]
[PlyCount "78"]
[EventDate "2022.09.20"]
[EventType "team-tourn"]
[EventRounds "11"]
[EventCountry "SRB"]
[SourceTitle "CBM 210 Extra"]
[Source "ChessBase"]
[SourceDate "2022.11.30"]
[SourceVersion "1"]
[SourceVersionDate "2022.11.30"]
[SourceQuality "1"]
[WhiteTeam "Kac Jugovic"]
[BlackTeam "Elemir Naftagas"]
[WhiteTeamCountry "SRB"]
[BlackTeamCountry "SRB"]

1. e4 c6 2. d4 d5 3. e5 Bf5 4. h4 h5 5. Bd3 Bxd3 6. Qxd3 e6 7. Bg5 Qa5+ 8. Nd2 c5 9. c4 cxd4 10. Ngf3 dxc4 11. Qxc4 Nc6 12. 0-0 Nge7 13. Nb3 Qd5 14. Rac1 Qxc4 15. Rxc4 Nd5 16. Nbxd4 Nxd4 17. Nxd4 Be7 18. Rfc1 a6 19. Nb3 Kd7 20. Bxe7 Kxe7 21. Rc7+ Nxc7 22. Rxc7+ Kf8 23. Nc5 Kg8 24. Rxb7 a5 25. Ne4 Kh7 26. Rxf7 Kg6 27. Nd6 Rhb8 28. b3 a4 29. Re7 Rxb3 30. Rxe6+ Kh7 31. Re7 Ra3 32. f4 Rxa2 33. f5 Kh8 34. Ne8 Kg8 35. Nxg7 a3 36. Nxh5 Rxg2+ 37. Kxg2 a2 38. Nf6+ Kf8 39. Rd7 a1Q 1/2-1/2

[Event "SRB-ch Blitz"]
[Site "Paracin"]
[Date "2022.06.05"]
[Round "12"]
[White "Djordjevic, Vuk D"]
[Black "Vucinic, Gojko"]
[Result "0-1"]
[WhiteElo "2382"]
[BlackElo "2380"]
[PlyCount "114"]
[EventDate "2022.06.05"]
[EventType "swiss (blitz)"]
[EventRounds "13"]
[EventCountry "SRB"]
[SourceTitle "CBM 208 Extra"]
[Source "ChessBase"]
[SourceDate "2022.07.31"]
[SourceVersion "1"]
[SourceVersionDate "2022.07.31"]
[SourceQuality "1"]

1. d4 Nf6 2. Bg5 d5 3. Bxf6 exf6 4. e3 Bd6 5. c4 c6 6. cxd5 cxd5 7. Nc3 0-0 8. g3 Bf5 9. Bg2 Nc6 10. Nge2 Re8 11. 0-0 Be4 12. Qb3 Na5 13. Qa4 a6 14. Nxd5 b5 15. Qd1 Bxg2 16. Kxg2 Bxg3 17. Nxf6+ Qxf6 18. hxg3 Qc6+ 19. Kg1 Rad8 20. Nf4 Qe4 21. Qd3 Qf3 22. b3 g5 23. Qe2 Qe4 24. Nh3 h6 25. Qh5 Kg7 26. Rac1 Rd5 27. Rc7 Qe6 28. g4 Qf6 29. Rfc1 Rd6 30. Kg2 Nc6 31. Ng1 Ne7 32. R7c5 Ng6 33. Nf3 Qe6 34. Qh3 Qe4 35. Kg1 Rf6 36. Nd2 Qa8 37. d5 Nh4 38. Qg3 Qd8 39. e4 Rf4 40. f3 Qf6 41. Rf1 Qd4+ 42. Qf2 Nxf3+ 43. Nxf3 Rxg4+ 44. Kh1 Qxe4 45. Qb2+ Kg6 46. Rc6+ Kh5 47. Rc2 Kg6 48. Rc6+ Kh5 49. Rc2 Kg6 50. Rh2 Re5 51. Rh3 Rf5 52. Qh2 h5 53. Rxh5 Rxf3 54. Rh6+ Kf5 55. Rf6+ Kxf6 56. Qh6+ Ke7 57. d6+ Kd7 0-1

[Event "SRB-ch Rapid"]
[Site "Paracin"]
[Date "2022.06.04"]
[Round "5"]
[White "Todorovic, Goran M"]
[Black "Vucinic, Gojko"]
[Result "1-0"]
[WhiteElo "2340"]
[BlackElo "2380"]
[PlyCount "53"]
[EventDate "2022.06.04"]
[EventType "swiss (rapid)"]
[EventRounds "9"]
[EventCountry "SRB"]
[SourceTitle "CBM 208 Extra"]
[Source "ChessBase"]
[SourceDate "2022.07.31"]
[SourceVersion "1"]
[SourceVersionDate "2022.07.31"]
[SourceQuality "1"]

1. e4 c5 2. Nc3 Nc6 3. Bb5 Nd4 4. Nf3 e6 5. 0-0 a6 6. Bd3 Nxf3+ 7. Qxf3 Qc7 8. a4 Bd6 9. h3 Ne7 10. b3 Be5 11. Bb2 b6 12. Qe2 h5 13. Nd1 Ng6 14. Qe3 Nf4 15. Bxe5 Qxe5 16. Nc3 Bb7 17. Ne2 g5 18. Rfe1 Ke7 19. b4 Nxe2+ 20. Qxe2 cxb4 21. Rab1 a5 22. Bb5 Rac8 23. d4 Qc7 24. d5 Qxc2 25. Qe3 Qc3 26. Qxg5+ Qf6 27. d6+ 1-0

[Event "SRB-ch Rapid"]
[Site "Paracin"]
[Date "2022.06.04"]
[Round "2"]
[White "Vucinic, Gojko"]
[Black "Popovic, Milan S"]
[Result "0-1"]
[WhiteElo "2380"]
[BlackElo "2383"]
[PlyCount "44"]
[EventDate "2022.06.04"]
[EventType "swiss (rapid)"]
[EventRounds "9"]
[EventCountry "SRB"]
[SourceTitle "CBM 208 Extra"]
[Source "ChessBase"]
[SourceDate "2022.07.31"]
[SourceVersion "1"]
[SourceVersionDate "2022.07.31"]
[SourceQuality "1"]

1. e4 d6 2. d4 Nf6 3. Nc3 e5 4. Nf3 exd4 5. Nxd4 Be7 6. g3 Nc6 7. Bg2 Bg4 8. f3 Nxd4 9. Qxd4 Be6 10. Be3 0-0 11. 0-0 c6 12. Rad1 Qc7 13. g4 h6 14. h4 d5 15. g5 c5 16. Qa4 d4 17. gxf6 Bxf6 18. Nb5 Qb6 19. Nxd4 cxd4 20. Bxd4 Bxd4+ 21. Qxd4 Rfc8 22. Rf2 Rd8 0-1

[Event "BEL-chT 2122"]
[Site "Belgium"]
[Date "2021.11.21"]
[Round "2.4"]
[White "Vucinic, Gojko"]
[Black "Leenaerts, Kevin"]
[Result "1-0"]
[WhiteElo "2375"]
[BlackElo "2076"]
[PlyCount "91"]
[EventDate "2021.10.24"]
[EventType "team-tourn"]
[EventRounds "11"]
[EventCountry "BEL"]
[SourceTitle "EXT 2023"]
[Source "ChessBase"]
[SourceDate "2022.10.05"]
[SourceVersion "1"]
[SourceVersionDate "2022.10.05"]
[SourceQuality "1"]
[WhiteTeam "Wachtebeke"]
[BlackTeam "Brasschaat"]
[WhiteTeamCountry "BEL"]
[BlackTeamCountry "BEL"]

1. e4 e6 2. d4 d5 3. Nc3 Bb4 4. e5 c5 5. a3 Ba5 6. Qg4 Ne7 7. b4 cxd4 8. Nb5 Bc7 9. Nf3 a6 10. Nbxd4 Nd7 11. Qxg7 Rg8 12. Qxh7 Bxe5 13. Nxe5 Nxe5 14. Bb2 Qc7 15. 0-0-0 Bd7 16. Re1 N5g6 17. g3 e5 18. f4 Rh8 19. Qg7 exd4 20. Rxe7+ Kxe7 21. Bxd4 Qc6 22. Bd3 Rag8 23. Re1+ Kd8 24. Qxf7 Rf8 25. Qxg6 Qxg6 26. Bxg6 Rxh2 27. Re3 Bf5 28. Bxf5 Rxf5 29. Be5 Kd7 30. g4 Rf7 31. Kb2 Rg2 32. g5 Rh7 33. Kb3 Ke6 34. Bb8+ Kd7 35. Re5 Rh3+ 36. Kb2 Rhh2 37. Rxd5+ Kc8 38. Be5 Rxc2+ 39. Kb3 Rcf2 40. g6 Rhg2 41. g7 b5 42. Kc3 Ra2 43. Bf6 Rxa3+ 44. Kd4 Rd2+ 45. Kc5 Rc2+ 46. Kb6 1-0

[Event "SRB-chT Premier"]
[Site "Vrnjacka Banja"]
[Date "2021.09.11"]
[Round "5.1"]
[White "Vucinic, Gojko"]
[Black "Miladinovic, Igor"]
[Result "1-0"]
[WhiteElo "2349"]
[BlackElo "2536"]
[PlyCount "81"]
[EventDate "2021.09.07"]
[EventType "team-tourn"]
[EventRounds "11"]
[EventCountry "SRB"]
[SourceTitle "CBM 204 Extra"]
[Source "ChessBase"]
[SourceDate "2021.11.30"]
[SourceVersion "1"]
[SourceVersionDate "2021.11.30"]
[SourceQuality "1"]
[WhiteTeam "Belgrade Itaka"]
[BlackTeam "Ruma Sloven"]
[WhiteTeamCountry "SRB"]
[BlackTeamCountry "SRB"]

1. e4 c6 2. d4 d5 3. e5 Bf5 4. h4 c5 5. dxc5 Nc6 6. Bb5 Qc7 7. Bf4 e6 8. b4 a5 9. g4 g5 10. Bh2 Bg7 11. gxf5 Bxe5 12. fxe6 0-0-0 13. Bxc6 Bxh2 14. Bd7+ Kb8 15. Nf3 fxe6 16. Rxh2 g4 17. Qd4 gxf3 18. Qxh8 Ne7 19. Qf6 Qxh2 20. Bb5 Rg8 21. Nd2 Rg1+ 22. Bf1 Rg6 23. Nxf3 Rxf6 24. Nxh2 axb4 25. Be2 Rf4 26. Nf3 Nc6 27. Rd1 h6 28. Kf1 Kc7 29. Kg2 Re4 30. Bd3 Rg4+ 31. Kh3 Rf4 32. Kg3 Rf8 33. Re1 Rg8+ 34. Kh3 Rf8 35. Kg2 Rg8+ 36. Kf1 Rf8 37. Ne5 Nd4 38. Rb1 Nc6 39. Nxc6 bxc6 40. Rxb4 e5 41. Rg4 1-0

[Event "Belgrade Serbia op"]
[Site "Belgrade"]
[Date "2021.07.07"]
[Round "8"]
[White "Vucinic, Gojko"]
[Black "Granovskiy, Alexandr"]
[Result "1/2-1/2"]
[WhiteElo "2366"]
[BlackElo "2255"]
[PlyCount "42"]
[EventDate "2021.07.02"]
[EventType "swiss"]
[EventRounds "9"]
[EventCountry "SRB"]
[SourceTitle "EXT 2022"]
[Source "ChessBase"]
[SourceDate "2021.10.06"]
[SourceVersion "1"]
[SourceVersionDate "2021.10.06"]
[SourceQuality "1"]

1. e4 e5 2. Nf3 Nc6 3. Bb5 a6 4. Ba4 Nf6 5. 0-0 Be7 6. d3 b5 7. Bb3 0-0 8. Nc3 d6 9. a3 Be6 10. Ba2 Bxa2 11. Rxa2 Re8 12. Re1 h6 13. h3 Qd7 14. d4 Nxd4 15. Nxd4 exd4 16. Qxd4 Qc6 17. a4 Qc4 18. Qxc4 bxc4 19. a5 c6 20. Rd1 Bf8 21. Ra4 Nxe4 1/2-1/2

[Event "Belgrade Serbia op"]
[Site "Belgrade"]
[Date "2021.07.06"]
[Round "7"]
[White "Vucinic, Gojko"]
[Black "Maksimenko, Viktor"]
[Result "1/2-1/2"]
[WhiteElo "2366"]
[BlackElo "2239"]
[PlyCount "21"]
[EventDate "2021.07.02"]
[EventType "swiss"]
[EventRounds "9"]
[EventCountry "SRB"]
[SourceTitle "EXT 2022"]
[Source "ChessBase"]
[SourceDate "2021.10.06"]
[SourceVersion "1"]
[SourceVersionDate "2021.10.06"]
[SourceQuality "1"]

1. e4 e6 2. d4 d5 3. Nc3 Nf6 4. e5 Nfd7 5. f4 c5 6. Nf3 Nc6 7. Be3 Qb6 8. Na4 Qd8 9. c3 b6 10. Bf2 c4 11. b4 1/2-1/2

[Event "Belgrade Serbia op"]
[Site "Belgrade"]
[Date "2021.07.04"]
[Round "4"]
[White "Vucinic, Gojko"]
[Black "Djukic, Sandra"]
[Result "1-0"]
[WhiteElo "2366"]
[BlackElo "2172"]
[PlyCount "59"]
[EventDate "2021.07.02"]
[EventType "swiss"]
[EventRounds "9"]
[EventCountry "SRB"]
[SourceTitle "CBM 203 Extra"]
[Source "ChessBase"]
[SourceDate "2021.09.30"]
[SourceVersion "1"]
[SourceVersionDate "2021.09.30"]
[SourceQuality "1"]

1. e4 e6 2. d4 d5 3. Nc3 Bb4 4. e5 c5 5. a3 Bxc3+ 6. bxc3 Qa5 7. Bd2 Qa4 8. Qb1 c4 9. h4 Nc6 10. h5 Bd7 11. h6 Nxh6 12. Bxh6 gxh6 13. Rxh6 0-0-0 14. Ne2 Rdf8 15. g3 f6 16. exf6 Qa5 17. Kd1 e5 18. Qc1 Bg4 19. Qe3 exd4 20. Qf4 d3 21. Qxg4+ Kb8 22. cxd3 cxd3 23. Qf4+ Ka8 24. Nc1 Qxc3 25. Ra2 Ne5 26. Qb4 Qc6 27. Nxd3 Nxd3 28. Bxd3 Rxf6 29. Rxf6 Qxf6 30. Qf4 1-0

[Event "Belgrade Rating op 2nd"]
[Site "Belgrade"]
[Date "2020.02.28"]
[Round "1"]
[White "Krstic, Milos M"]
[Black "Vucinic, Gojko"]
[Result "0-1"]
[WhiteElo "2015"]
[BlackElo "2369"]
[PlyCount "78"]
[EventDate "2020.02.28"]
[EventType "swiss"]
[EventRounds "5"]
[EventCountry "SRB"]
[SourceTitle "CBM 195 Extra"]
[Source "ChessBase"]
[SourceDate "2020.05.31"]
[SourceVersion "1"]
[SourceVersionDate "2020.05.31"]
[SourceQuality "1"]

1. e4 c5 2. Nf3 d6 3. d4 cxd4 4. Qxd4 Nf6 5. Nc3 Bd7 6. b3 Nc6 7. Qd2 Rc8 8. Bb2 e6 9. 0-0-0 Qa5 10. Kb1 a6 11. Nd4 Nxd4 12. Qxd4 Be7 13. Be2 0-0 14. f4 e5 15. Qd2 Qc7 16. g4 Bc6 17. Bf3 exf4 18. Nd5 Bxd5 19. exd5 Nd7 20. Be4 Bf6 21. Bxf6 Nxf6 22. Bf5 Rce8 23. Qxf4 Re5 24. g5 Nh5 25. Qg4 g6 26. Rhf1 Qc5 27. Bd3 b5 28. Rf3 Rxd5 29. h4 Rd4 30. Qd7 Rxh4 31. Rdf1 Qd5 32. a4 bxa4 33. Bc4 Rxc4 34. bxc4 Rb8+ 35. Ka1 Qe5+ 36. c3 f5 37. gxf6 Nxf6 38. Qxa4 Ne4 39. Re1 Nxc3 0-1

[Event "HUN-chT 1920"]
[Site "Hungary"]
[Date "2020.02.16"]
[Round "6.10"]
[White "Vucinic, Gojko"]
[Black "Zambo, Zoltan"]
[Result "1/2-1/2"]
[WhiteElo "2384"]
[BlackElo "2354"]
[PlyCount "98"]
[EventDate "2019.11.16"]
[EventType "team-tourn"]
[EventRounds "9"]
[EventCountry "HUN"]
[SourceTitle "CBM 195 Extra"]
[Source "ChessBase"]
[SourceDate "2020.05.31"]
[SourceVersion "1"]
[SourceVersionDate "2020.05.31"]
[SourceQuality "1"]
[WhiteTeam "Kobanya Aquarena"]
[BlackTeam "DVTK"]
[WhiteTeamCountry "HUN"]
[BlackTeamCountry "HUN"]

1. e4 c5 2. Nf3 d6 3. d4 cxd4 4. Nxd4 Nf6 5. Nc3 g6 6. Be3 Bg7 7. f3 0-0 8. Qd2 Nc6 9. 0-0-0 d5 10. Kb1 Nxd4 11. e5 Nf5 12. exf6 exf6 13. Nxd5 Nxe3 14. Qxe3 Be6 15. Bc4 f5 16. c3 Bxd5 17. Rxd5 Qc7 18. Qd3 Rfd8 19. h4 Rxd5 20. Bxd5 Re8 21. h5 Qg3 22. hxg6 Re1+ 23. Rxe1 Qxe1+ 24. Kc2 hxg6 25. Bxb7 Bh6 26. Ba6 Qc1+ 27. Kb3 Qg1 28. Qe2 Qb6+ 29. Kc2 Qc7 30. b4 Bg5 31. a4 Bf6 32. Qd3 Qg3 33. Qe2 Qc7 34. Qe3 Kg7 35. Kb3 Qd7 36. Qd3 Qe6+ 37. Bc4 Qe1 38. a5 f4 39. Bd5 Be5 40. Be4 f5 41. Bc6 Kh6 42. Bb5 Kg5 43. c4 Qc1 44. Qc2 Qe3+ 45. Ka4 Bc3 46. c5 Qe1 47. Qe2 Qb1 48. Qc4 Qa1+ 49. Kb3 Qb2+ 1/2-1/2

[Event "EU-Cup 35th"]
[Site "Ulcinj"]
[Date "2019.11.13"]
[Round "4.10"]
[White "Kryvoruchko, Yuriy"]
[Black "Vucinic, Gojko"]
[Result "1-0"]
[WhiteElo "2683"]
[BlackElo "2384"]
[PlyCount "65"]
[EventDate "2019.11.10"]
[EventType "team-swiss"]
[EventRounds "7"]
[EventCountry "MNE"]
[SourceTitle "CBM 193 Extra"]
[Source "ChessBase"]
[SourceDate "2020.01.31"]
[SourceVersion "1"]
[SourceVersionDate "2020.01.31"]
[SourceQuality "1"]
[WhiteTeam "Alkaloid"]
[BlackTeam "Itaka"]
[WhiteTeamCountry "MKD"]
[BlackTeamCountry "SRB"]

1. e4 c5 2. Nc3 Nc6 3. Nf3 g6 4. d4 cxd4 5. Nxd4 Bg7 6. Be3 Nf6 7. Bc4 d6 8. f3 0-0 9. Qd2 Nd7 10. Bb3 Na5 11. Bh6 Nb6 12. Bxg7 Kxg7 13. 0-0-0 Bd7 14. Nd5 Nbc4 15. Bxc4 Nxc4 16. Qc3 Ne5 17. b3 Rc8 18. Qd2 Nc6 19. h4 Nxd4 20. Qxd4+ e5 21. Qxa7 Ra8 22. Qb6 Rxa2 23. Qxd6 Qa5 24. Qxe5+ f6 25. Qe7+ Kg8 26. Qb4 Rc8 27. c4 Qa6 28. Ne7+ Kf7 29. Nxc8 Bxc8 30. Rd8 Ra1+ 31. Kb2 Rxh1 32. Qf8+ Ke6 33. Qe8# 1-0

[Event "BEL-chT 1920"]
[Site "Belgium"]
[Date "2019.09.29"]
[Round "1.3"]
[White "Fiebig, Thomas"]
[Black "Vucinic, Gojko"]
[Result "1/2-1/2"]
[WhiteElo "2425"]
[BlackElo "2396"]
[PlyCount "107"]
[EventDate "2019.09.29"]
[EventType "team-tourn"]
[EventRounds "11"]
[EventCountry "BEL"]
[SourceTitle "CBM 195 Extra"]
[Source "ChessBase"]
[SourceDate "2020.05.31"]
[SourceVersion "1"]
[SourceVersionDate "2020.05.31"]
[SourceQuality "1"]
[WhiteTeam "Eupen Rochade"]
[BlackTeam "Wachtebeke"]
[WhiteTeamCountry "BEL"]
[BlackTeamCountry "BEL"]

1. e4 c5 2. c3 d5 3. exd5 Qxd5 4. Nf3 Nf6 5. d4 Bg4 6. Nbd2 Nc6 7. Bc4 Bxf3 8. Qb3 Na5 9. Qb5+ Qd7 10. Nxf3 Nxc4 11. Qxc4 cxd4 12. Nxd4 e6 13. Bg5 Rc8 14. Qe2 Be7 15. Rd1 Qd5 16. Bxf6 Bxf6 17. 0-0 0-0 18. Nb5 Qc5 19. Nd6 Rc7 20. Ne4 Qf5 21. Nxf6+ Qxf6 22. Rd3 e5 23. Rfd1 Qe6 24. b3 e4 25. Rd6 Qe5 26. c4 f5 27. R6d5 Qf6 28. Qe3 b6 29. Qf4 Re7 30. h4 h6 31. Rd6 Re6 32. Rxe6 Qxe6 33. Qd6 Qe8 34. Qf4 Rf6 35. Rd5 Qf8 36. a4 Qb4 37. Rb5 Qc3 38. h5 Qd3 39. Rxf5 Rxf5 40. Qxf5 Qxb3 41. Qe6+ Kf8 42. Qf5+ Kg8 43. Qd5+ Kf8 44. Qa8+ Kf7 45. Qxa7+ Kf6 46. Qd7 Qxc4 47. Qd8+ Kf7 48. Qxb6 Qxa4 49. Qg6+ Kg8 50. Qe6+ Kh8 51. Qc8+ Kh7 52. Qf5+ Kh8 53. Qc8+ Kh7 54. Qf5+ 1/2-1/2

[Event "SRB-chT"]
[Site "Subotica"]
[Date "2019.09.01"]
[Round "11.6"]
[White "Laketic, Gojko"]
[Black "Vucinic, Gojko"]
[Result "1/2-1/2"]
[WhiteElo "2376"]
[BlackElo "2396"]
[PlyCount "27"]
[EventDate "2019.08.22"]
[EventType "team-tourn"]
[EventRounds "11"]
[EventCountry "SRB"]
[SourceTitle "EXT 2020"]
[Source "ChessBase"]
[SourceDate "2019.10.17"]
[SourceVersion "1"]
[SourceVersionDate "2019.10.17"]
[SourceQuality "1"]
[WhiteTeam "Ruma Sloven"]
[BlackTeam "Belgrade Itaka"]
[WhiteTeamCountry "SRB"]
[BlackTeamCountry "SRB"]

1. d4 Nf6 2. c4 g6 3. Nc3 d5 4. cxd5 Nxd5 5. Bd2 Bg7 6. Nf3 c5 7. Rc1 Nxc3 8. Bxc3 cxd4 9. Nxd4 0-0 10. e3 Bd7 11. Be2 Nc6 12. 0-0 Nxd4 13. Bxd4 Be6 14. Bxg7 1/2-1/2

[Event "SRB-chT"]
[Site "Subotica"]
[Date "2019.08.27"]
[Round "6.4"]
[White "Vucinic, Gojko"]
[Black "Radlovacki, Jovan"]
[Result "1-0"]
[WhiteElo "2396"]
[BlackElo "2265"]
[PlyCount "85"]
[EventDate "2019.08.22"]
[EventType "team-tourn"]
[EventRounds "11"]
[EventCountry "SRB"]
[SourceTitle "EXT 2020"]
[Source "ChessBase"]
[SourceDate "2019.10.17"]
[SourceVersion "1"]
[SourceVersionDate "2019.10.17"]
[SourceQuality "1"]
[WhiteTeam "Belgrade Itaka"]
[BlackTeam "Kac Jugovic"]
[WhiteTeamCountry "SRB"]
[BlackTeamCountry "SRB"]

1. e4 c6 2. d4 d5 3. e5 Bf5 4. h4 h5 5. Bd3 Bxd3 6. Qxd3 e6 7. Bg5 Be7 8. Nf3 Nd7 9. c4 dxc4 10. Qxc4 Nh6 11. Nc3 Nf5 12. Rd1 Nb6 13. Qb3 0-0 14. g3 Qd7 15. Bxe7 Qxe7 16. 0-0 Rad8 17. Ne4 Rd7 18. Rd3 Nd5 19. a3 Rfd8 20. Re1 b6 21. Qa4 Rc7 22. Rc1 Rdc8 23. Rd2 a5 24. Rdc2 Qd7 25. Qc4 Nde7 26. Rd2 Rf8 27. Nfg5 Nd5 28. Qe2 f6 29. Qxh5 fxg5 30. Nxg5 Nh6 31. Qg6 Rf5 32. Nxe6 Rf6 33. Qxg7+ Qxg7 34. Nxg7 Rg6 35. Ne8 Rf7 36. Nd6 Rf3 37. Rxc6 Ng4 38. Re2 Nf4 39. Rc8+ Kh7 40. Rc7+ Kg8 41. Rc8+ Kh7 42. Rec2 Rg7 43. Ne4 1-0

[Event "SRB-chT"]
[Site "Subotica"]
[Date "2019.08.25"]
[Round "4.5"]
[White "Vucinic, Gojko"]
[Black "Markovic, Miroslav"]
[Result "0-1"]
[WhiteElo "2396"]
[BlackElo "2394"]
[PlyCount "52"]
[EventDate "2019.08.22"]
[EventType "team-tourn"]
[EventRounds "11"]
[EventCountry "SRB"]
[SourceTitle "EXT 2020"]
[Source "ChessBase"]
[SourceDate "2019.10.17"]
[SourceVersion "1"]
[SourceVersionDate "2019.10.17"]
[SourceQuality "1"]
[WhiteTeam "Belgrade Itaka"]
[BlackTeam "Valjevo 2005"]
[WhiteTeamCountry "SRB"]
[BlackTeamCountry "SRB"]

1. e4 c6 2. d4 g6 3. Nc3 Bg7 4. Nf3 b5 5. Bd3 d6 6. h3 e5 7. dxe5 dxe5 8. a4 b4 9. Nb1 Nd7 10. Be3 Ngf6 11. c3 bxc3 12. Nxc3 0-0 13. a5 Nh5 14. 0-0 Nf4 15. Bc4 Qf6 16. b4 Rd8 17. Nd2 Nf8 18. Qf3 N8e6 19. Ne2 Bh6 20. Rfd1 Ng5 21. Qg3 Rxd2 22. Bxd2 Nxe4 23. Bxf4 Nxg3 24. Bxg3 Bf5 25. a6 Qe7 26. Ra4 Bc2 0-1

[Event "HUN-chT2 Maroczy 1819"]
[Site "Hungary"]
[Date "2018.12.02"]
[Round "5.2"]
[White "Torok, Sandor"]
[Black "Vucinic, Gojko"]
[Result "1-0"]
[WhiteElo "2276"]
[BlackElo "2411"]
[PlyCount "73"]
[EventDate "2018.09.23"]
[EventType "team-tourn"]
[EventRounds "11"]
[EventCountry "HUN"]
[SourceTitle "EXT 2020"]
[Source "ChessBase"]
[SourceDate "2019.10.17"]
[SourceVersion "1"]
[SourceVersionDate "2019.10.17"]
[SourceQuality "1"]
[WhiteTeam "Budapest Vasas"]
[BlackTeam "Kobanya Aquarena II"]
[WhiteTeamCountry "HUN"]
[BlackTeamCountry "HUN"]

1. e4 c5 2. Nf3 d6 3. d4 cxd4 4. Nxd4 Nf6 5. Nc3 a6 6. Bg5 Nbd7 7. Bc4 Qb6 8. Bb3 Nc5 9. Qe2 Ncxe4 10. Nxe4 Qxd4 11. Bxf6 gxf6 12. Rd1 Qe5 13. Rd5 Qe6 14. Rxd6 exd6 15. Bxe6 fxe6 16. Nxf6+ Kd8 17. Qh5 d5 18. Qe8+ Kc7 19. Nxd5+ Kb8 20. 0-0 Ka7 21. Nc7 Rb8 22. Qd8 b6 23. Qf6 Rg8 24. g3 Bg7 25. Qf7 Bb7 26. c3 e5 27. Ne6 Bh6 28. Re1 e4 29. Rxe4 Bc1 30. Re2 h5 31. h4 Rge8 32. f4 Rg8 33. Kf2 Rg4 34. Rc2 Rbg8 35. Ng5 Rd8 36. Rxc1 Rd2+ 37. Ke3 1-0

[Event "EU-Cup 34th"]
[Site "Porto Carras"]
[Date "2018.10.16"]
[Round "5.6"]
[White "Vanheirzeele, Daniel"]
[Black "Vucinic, Gojko"]
[Result "0-1"]
[WhiteElo "2158"]
[BlackElo "2398"]
[PlyCount "82"]
[EventDate "2018.10.12"]
[EventType "team-swiss"]
[EventRounds "7"]
[EventCountry "GRE"]
[SourceTitle "CBM 187"]
[Source "ChessBase"]
[SourceDate "2018.12.11"]
[SourceVersion "1"]
[SourceVersionDate "2018.12.11"]
[SourceQuality "1"]
[WhiteTeam "KGSRL"]
[BlackTeam "Itaka"]
[WhiteTeamCountry "BEL"]
[BlackTeamCountry "SRB"]

1. d4 Nf6 2. c4 g6 3. Nc3 d5 4. Nf3 Bg7 5. Qb3 dxc4 6. Qxc4 0-0 7. e4 Be6 8. Qb5 Bd7 9. Qb3 c5 10. d5 b5 11. Bxb5 Nxe4 12. Nxe4 Qa5+ 13. Bd2 Qxb5 14. Qxb5 Bxb5 15. Bc3 Rd8 16. Bxg7 Kxg7 17. Nc3 Ba6 18. 0-0-0 Nd7 19. Rhe1 Kf8 20. d6 exd6 21. Rxd6 Nb6 22. Rxd8+ Rxd8 23. Re5 Rc8 24. Nd2 f6 25. Re3 f5 26. Kc2 Kf7 27. f4 Kf6 28. Nf3 h6 29. h4 Bb7 30. Ne5 Bxg2 31. Rg3 Be4+ 32. Nxe4+ fxe4 33. Rxg6+ Kf5 34. Rxh6 Kxf4 35. Nf7 Re8 36. Rf6+ Kg4 37. Nd6 Re5 38. Nf7 Re7 39. Nd6 Nd5 40. Rg6+ Kf3 41. Rg1 e3 0-1